|
|
|
|
| LEADER |
00000cam a2200000 a 4500 |
| 001 |
3578 |
| 003 |
Ucuenca |
| 005 |
20230308155653.0 |
| 008 |
000000|1890 ||||||||r|||||||||||spa|| |
| 040 |
|
|
|b spa
|
| 041 |
0 |
|
|a spa
|
| 082 |
0 |
|
|a 813
|
| 100 |
1 |
|
|a Stowe Harriet, Beecher
|d 1811-1896
|9 218215
|
| 245 |
|
|
|a La cabaña del Tío Tom
|c Harriet Beecher Stowe, trad. B. Gabarró
|h imp
|
| 264 |
|
|
|a París
|b Garnier Hermanos, Libreros Editores
|c 1890
|
| 300 |
|
|
|a 266 páginas:
|c 17 cm
|
| 520 |
3 |
|
|a El ingreso 5646 en una versión abreviada con ilustraciones, 1918, 80 pág.
|
| 650 |
|
|
|a Novela estadounidense
|9 5026
|
| 852 |
|
|
|a UC-CDJBV
|f Compra
|l 1
|m Limitada
|p 00000000
|q 1,00
|t 3578
|b 1
|d CDRC
|e CDRC
|g 813 ESTANTERIA CERRADA
|z 0000-00-00
|
| 942 |
|
|
|c BK
|
| 999 |
|
|
|c 6904
|d 6904
|